000 00894nas a2200253 454500
001 36673
005 20260407193509.0
008 260407s1980####ag###########|||spa#d
003 AR-UNSa-BCEJYS
040 _aAR-UNSa-BCEJYS
_bspa
_cAR-UNSa-BCEJYS
080 _a378
_xEnseñanza superior. Universidades. Escuelas especiales
245 1 0 _aPensamiento universitario
022 _a0185-1292
264 1 _aMéxico :
_bCESU (Centro de Estudios sobre la Universidad)
_c1980
310 _aFrecuencia: Irregular
041 _aspa
942 _cSER
590 _aniveau_biblio:s niveau_hierar:1
100 1 _aUniversidad Nacional Autónoma de México. Coordinación de Humanidades. Centro de Estudios sobre la Universidad
650 _aUNIVERSIDADES
650 _aInvestigación
650 _aMéxico
856 4 1 _uhttps://170.210.207.44/pmb/images/revistas/R18968.jpg
_yImagen de portada
_qimage/jpeg
999 _c8789
_d8789